Countries in Mario Kart - Statistics

General Stats
  • This quiz has been taken 19 times
  • The average score is 24 of 30
Answer Stats
Picture Hint Answer % Correct
Syrup Splash Swamp Canada
100%
Bamboo Blast Drive China
100%
Pharaoh's Drifting Dunes Egypt
100%
Baguette Boulevard France
100%
Olympus Overdrive Greece
100%
Pizza Piazza Plaza Italy
100%
Sakura Circuit Japan
100%
Tulip Tussle Track Netherlands
100%
Tundra Tumble Russia
100%
Stars and Stipes Summit United States
100%
Sultan Straight Saudi Arabia
93%
Outback Outpost Australia
87%
Black Forest Drifts Germany
87%
Llama's Loopy Line Peru
87%
Tropic Samba Jungle Brazil
80%
Casino Circuit Monaco
80%
Himalayan Heights Nepal
80%
Kiwi Trail Cruise New Zealand
80%
Frostfire Freeway Iceland
73%
Sunset Savannah Kenya
73%
Cactus Canyon Circuit Mexico
73%
Elephant Escapade Thailand
73%
Pinewood Path Finland
67%
Cape Coast Circuit South Africa
67%
Marina Mirage United Arab Emirates
67%
Fairy Tale Forest Norway
60%
Rice Lantern Lane Vietnam
53%
Cigar Cove Cuba
47%
Hermit Hills North Korea
33%
Sahara Sun Sprint Mali
27%
No matching quizzes found
Score Distribution
Percent of People with Each Score
Percentile by Number Answered
Your Score History
You have not taken this quiz